| LEADER |
00865nam0a2200205 450 |
| 001 |
16847904 |
| 010 |
|
|
|a 978-2-940556-21-2
|b br.
|d 15
|
| 100 |
|
|
|a 20151103d2015 u u0frey01 ba
|
| 101 |
0 |
|
|a fre
|
| 102 |
|
|
|a FR
|
| 200 |
0 |
|
|a Minute de méditation (La)
|e nous sentir mieux en une minute
|f Michel Pascal
|g préface de Mario Beauregard
|
| 207 |
|
1 |
|a
|
| 210 |
|
|
|a Paris
|c Balland Editions
|d 2015
|
| 215 |
|
|
|a 1 vol. (168 p.)
|d 21 x 12 cm
|
| 330 |
|
|
|a Fondée sur des découvertes en neurosciences, cette méthode propose d'accéder à la paix intérieure et d'apaiser ses émotions à l'aide d'une méditation d'une minute par jour.
|
| 700 |
|
0 |
|a Pascal
|b Michel
|4 70
|
| 702 |
|
0 |
|a Beauregard
|b Mario
|4 80
|
| 900 |
|
|
|a Documentaire
|
| 901 |
|
|
|a Accessible au prêt
|
| 995 |
|
|
|a Bibliothèque
|c Bibliothèque
|f 00156010028652
|h 00156010028652
|k 158 PAS
|o p
|q a
|r az
|e Bibliothèque
|